000 00264nam a22001217a 4500
020 _a9789380836157
082 _a070.4
100 _aMonita Singh
245 _aJournalism techniques
260 _aNew Delhi
_bCentrum press
_c2010.
300 _a297p
942 _cBK
999 _c2752
_d2752